<?xml version="1.0" encoding="UTF-8"?>
<collection xmlns="http://www.loc.gov/MARC21/slim">
 <record>
  <leader>05373nam a2200481 a 4500</leader>
  <controlfield tag="001">kal3522</controlfield>
  <controlfield tag="003">Gr-AtHEAL</controlfield>
  <controlfield tag="005">20160425151018.0</controlfield>
  <controlfield tag="006">m        d        </controlfield>
  <controlfield tag="008">160413s2015    gr      s           gre|c</controlfield>
  <datafield tag="020" ind1=" " ind2=" ">
   <subfield code="a">9789606033360</subfield>
  </datafield>
  <datafield tag="040" ind1=" " ind2=" ">
   <subfield code="a">GR-AtHEAL</subfield>
   <subfield code="b">gre</subfield>
   <subfield code="c">GR-AtHEAL</subfield>
  </datafield>
  <datafield tag="082" ind1="0" ind2="4">
   <subfield code="a">370</subfield>
   <subfield code="2">23</subfield>
  </datafield>
  <datafield tag="100" ind1="1" ind2=" ">
   <subfield code="a">Γιαννακόπουλος, Νικόλαος.</subfield>
   <subfield code="8">1101</subfield>
  </datafield>
  <datafield tag="245" ind1="1" ind2="0">
   <subfield code="a">Οικονομική της εκπαίδευσης</subfield>
   <subfield code="h">[Ηλεκτρονικός πόρος] </subfield>
   <subfield code="c">Γιαννακόπουλος, Νικόλαος ; Ντεμούσης, Μιχαήλ ; Κριτικός αναγνώστης,Λιανός, Θεόδωρος.</subfield>
  </datafield>
  <datafield tag="260" ind1=" " ind2=" ">
   <subfield code="a">Αθήνα :</subfield>
   <subfield code="b">Σύνδεσμος Ελληνικών Ακαδημαϊκών Βιβλιοθηκών,</subfield>
   <subfield code="c">c2015.</subfield>
  </datafield>
  <datafield tag="490" ind1=" " ind2=" ">
   <subfield code="a">Ακαδημαϊκά Ηλεκτρονικά Συγγράμματα και Βοηθήματα Κάλλιπος</subfield>
   <subfield code="8">40</subfield>
  </datafield>
  <datafield tag="505" ind1=" " ind2=" ">
   <subfield code="a">1. Εισαγωγή: Οικονομική της Εκπαίδευσης 2. Επένδυση σε εκπαίδευση 3. Η υποχρεωτική εκπαίδευση 4. Εκπαιδευτικά συστήματα και χρηματοδότηση της εκπαίδευσης 5. Τριτοβάθμια εκπαίδευση: οικονομικά στοιχεία και δημόσια πολιτική 6. Το ανθρώπινο κεφάλαιο στην πρώιμη ηλικία 7. Μη γνωστικές δεξιότητες 8. Εκπαιδευτικές ανισότητες και διαγενεακή κινητικότητα 9. Οι κοινωνικές πτυχές της εκπαίδευσης</subfield>
  </datafield>
  <datafield tag="520" ind1=" " ind2=" ">
   <subfield code="a">Η οικονομική της εκπαίδευσης εμβαθύνει στην κατανόηση, του &quot;πώς&quot; και &quot;γιατί&quot; οι άνθρωποι αποφασίζουν να επενδύσουν σε εκπαίδευση, της μακροχρόνιας επίδρασης της εκπαίδευσης σε διάφορα κοινωνικά και οικονομικά αποτελέσματα, της συμπεριφοράς των οργανισμών που &quot;παράγουν&quot; εκπαίδευση καθώς και του τρόπου με τον οποίο ο αποτελεσματικός σχεδιασμός και εφαρμογή δημόσιων πολιτικών παρέμβασης επηρεάζει την &quot;παραγωγή&quot; εκπαίδευσης και την αποτελεσματική κατανομή των εκπαιδευτικών πόρων. Η χρήση των αναλυτικών εργαλείων της Μικροοικονομικής αποτελεί το βασικό όχημα ανάλυσης της αξιολόγησης εκπαιδευτικών πολιτικών, συμπεριλαμβανομένων των πολιτικών παρέμβασης στην προσχολική ηλικία, στη χρηματοδότηση της βασικής εκπαίδευσης, στην επιλογή του αντικειμένου σπουδών στην ανώτατη εκπαίδευση και στην αναζήτηση πόρων για τη χρηματοδότηση της επένδυσης σε εκπαίδευση. Στο προτεινόμενο σύγγραμμα θα δοθεί ιδιαίτερη έμφαση στον εμπειρικό έλεγχο συναφών οικονομικών θεωριών με στόχο την ποσοτικοποίηση των επιπτώσεων που έχουν οι παρεμβατικές πολιτικές στο εκπαιδευτικό αποτέλεσμα.</subfield>
  </datafield>
  <datafield tag="650" ind1=" " ind2="0">
   <subfield code="a">Education, economy and society </subfield>
   <subfield code="8">2440</subfield>
  </datafield>
  <datafield tag="653" ind1=" " ind2=" ">
   <subfield code="a">Διαγενεακή κινητικότητα και ανισότητες</subfield>
  </datafield>
  <datafield tag="653" ind1=" " ind2=" ">
   <subfield code="a">Εκπαιδευτικές μεταρρυθμίσεις και αποτελεσματικότητα</subfield>
  </datafield>
  <datafield tag="653" ind1=" " ind2=" ">
   <subfield code="a">Αγορές δασκάλων</subfield>
  </datafield>
  <datafield tag="653" ind1=" " ind2=" ">
   <subfield code="a">Λογοδοσία</subfield>
  </datafield>
  <datafield tag="653" ind1=" " ind2=" ">
   <subfield code="a">Μη-γνωσιακές δεξιότητες</subfield>
  </datafield>
  <datafield tag="653" ind1=" " ind2=" ">
   <subfield code="a">Εκπαίδευση και οικονομική μεγένθυση</subfield>
  </datafield>
  <datafield tag="653" ind1=" " ind2=" ">
   <subfield code="a">Αποδόσεις της εκπαίδευσης</subfield>
  </datafield>
  <datafield tag="653" ind1=" " ind2=" ">
   <subfield code="a">Επιλογή αντικειμένου σπουδών</subfield>
  </datafield>
  <datafield tag="653" ind1=" " ind2=" ">
   <subfield code="a">Χρηματοδότηση εκπαίδευσης</subfield>
  </datafield>
  <datafield tag="653" ind1=" " ind2=" ">
   <subfield code="a">Τριτοβάθμια εκπαίδευση</subfield>
  </datafield>
  <datafield tag="653" ind1=" " ind2=" ">
   <subfield code="a">Επιλογή σχολείου</subfield>
  </datafield>
  <datafield tag="653" ind1=" " ind2=" ">
   <subfield code="a">Δευτεροβάθμια εκπαίδευση</subfield>
  </datafield>
  <datafield tag="653" ind1=" " ind2=" ">
   <subfield code="a">Υποχρεωτική εκπαίδευση</subfield>
  </datafield>
  <datafield tag="653" ind1=" " ind2=" ">
   <subfield code="a">Δεξιότητες</subfield>
  </datafield>
  <datafield tag="653" ind1=" " ind2=" ">
   <subfield code="a">Εκπαίδευση</subfield>
  </datafield>
  <datafield tag="653" ind1=" " ind2=" ">
   <subfield code="a">Οικονομικές επιστήμες</subfield>
   <subfield code="a">Υγεία, εκπαίδευση και πρόνοια</subfield>
   <subfield code="a">Πρόνοια και φτώχεια</subfield>
  </datafield>
  <datafield tag="700" ind1="1" ind2=" ">
   <subfield code="a">Ντεμούσης, Μιχαήλ</subfield>
   <subfield code="e">Συγγραφέας</subfield>
   <subfield code="8">1102</subfield>
  </datafield>
  <datafield tag="700" ind1="1" ind2=" ">
   <subfield code="a">Λιανός, Θεόδωρος Π.,</subfield>
   <subfield code="d">1939-</subfield>
   <subfield code="e">Κριτικός αναγνώστης</subfield>
   <subfield code="8">1103</subfield>
  </datafield>
  <datafield tag="856" ind1="4" ind2="0">
   <subfield code="u">http://hdl.handle.net/11419/3522</subfield>
   <subfield code="z">Πλήρες Κείμενο - Full text</subfield>
  </datafield>
  <datafield tag="907" ind1=" " ind2=" ">
   <subfield code="a">.b25681229</subfield>
   <subfield code="b">12-06-18</subfield>
   <subfield code="c">29-07-16</subfield>
  </datafield>
  <datafield tag="949" ind1=" " ind2=" ">
   <subfield code="0">0</subfield>
   <subfield code="1">0</subfield>
   <subfield code="2">ddc</subfield>
   <subfield code="4">0</subfield>
   <subfield code="6">370_000000000000000_ΓΙΑ</subfield>
   <subfield code="7">0</subfield>
   <subfield code="8">KALL</subfield>
   <subfield code="8">881</subfield>
   <subfield code="d">2016-04-13</subfield>
   <subfield code="r">2016-04-13</subfield>
   <subfield code="w">2016-04-13</subfield>
   <subfield code="z">370 ΓΙΑ</subfield>
   <subfield code="o">SEAB KALLIPOS</subfield>
  </datafield>
  <datafield tag="998" ind1=" " ind2=" ">
   <subfield code="a">80</subfield>
   <subfield code="a">01</subfield>
   <subfield code="a">02</subfield>
   <subfield code="a">03</subfield>
   <subfield code="a">04</subfield>
   <subfield code="a">05</subfield>
   <subfield code="a">06</subfield>
   <subfield code="a">07</subfield>
   <subfield code="a">08</subfield>
   <subfield code="a">09</subfield>
   <subfield code="a">10</subfield>
   <subfield code="a">11</subfield>
   <subfield code="a">12</subfield>
   <subfield code="a">13</subfield>
   <subfield code="a">14</subfield>
   <subfield code="a">15</subfield>
   <subfield code="a">16</subfield>
   <subfield code="a">17</subfield>
   <subfield code="a">18</subfield>
   <subfield code="a">19</subfield>
   <subfield code="a">20</subfield>
   <subfield code="a">21</subfield>
   <subfield code="a">22</subfield>
   <subfield code="a">23</subfield>
   <subfield code="a">24</subfield>
   <subfield code="a">25</subfield>
   <subfield code="a">26</subfield>
   <subfield code="b">25-05-17</subfield>
   <subfield code="c">m</subfield>
   <subfield code="d">z  </subfield>
   <subfield code="e">-</subfield>
   <subfield code="f">gre</subfield>
   <subfield code="g">gr </subfield>
   <subfield code="h">0</subfield>
  </datafield>
  <datafield tag="942" ind1=" " ind2=" ">
   <subfield code="2">ddc</subfield>
   <subfield code="c">KALLIPOS</subfield>
  </datafield>
 </record>
</collection>
